| 000 | 00722nam a22001577a 4500 | ||
|---|---|---|---|
| 003 | OSt | ||
| 005 | 20151005150545.0 | ||
| 008 | 151005b xxu||||| |||| 00| 0 eng d | ||
| 040 | _cRUA | ||
| 082 | _aAVM HUO 2005 B075 Or.1 | ||
| 100 |
_92052 _aHUOT VANNARA |
||
| 245 | _aEffect of mating proportion between male and female ducks on fertility and hatching rate of local ducks, (ឥទ្ធិពលនៃសមាមាត្រទាឈ្មោលបង្កាត់ទាញីលើអត្រាបង្កកំណើត និង អត្រាញាស់របស់ពូជទាក្នុងស្រុក) | ||
| 260 |
_aphnom penh _bRUA _c2005 |
||
| 300 |
_aix, 44p. _bill. _c29cm. |
||
| 942 |
_2ddc _cAVM |
||
| 999 |
_c1938 _d1938 |
||